000 00908cam a2200313 i 4500
001 4693
003 BD-RjUL
005 20211208233934.0
008 131223s1978 enk 001 0 eng d
020 _a0406667306 :
_a0406667314
035 _a(BD-RjUL)4728
040 _aDLC
_cDLC
_dDLC
_dBD-RjUL
_beng
041 _aeng
082 0 0 _a346.41066
_bIVT 1978
100 1 _aIvamy, E. R. Hardy
_d1874-1952.
_914798
245 1 0 _aTopham and Ivamy's Company law /
250 _a16th ed. /
260 _aLondon :
_bButterworth,
_cc1978.
300 _alxix, 592 p. ;
_c22 cm.
500 _aIncludes legislation.
500 _aIncludes index.
650 0 _aCorporation law
_zGreat Britain.
_913492
700 1 _aIvamy, E. R. Hardy
_q(Edward Richard Hardy)
_913420
740 _aCompany law.
942 _2ddc
_cBK
999 _c4693
_d4693